000 00418nam a22001817a 4500
003 MPLRDC
005 20220104113719.0
008 210129b ||||| |||| 00| 0 eng d
020 _a962-357-383-9
082 _a857.621 NK-34
100 _a倪匡
245 _a这就是鬼
_c
260 _a
_b明窗出版社
_c
300 _b
490 _a述异系列
650 _a灵异小说
942 _cBK
_o857.621 NK-34
999 _c1769
_d1759